[Event "Maia op"]
[Site "Maia"]
[Date "2024.08.28"]
[Round "6"]
[White "Kulic, Sasa"]
[Black "Fernandes, Martim"]
[Result "1-0"]
[WhiteElo "2214"]
[BlackElo "2078"]
[PlyCount "57"]
[EventDate "2024.08.23"]
[EventType "swiss"]
[EventRounds "9"]
[EventCountry "POR"]
[SourceTitle "CBM 221 Extra"]
[Source "ChessBase"]
[SourceDate "2024.09.30"]
[SourceVersion "1"]
[SourceVersionDate "2024.09.30"]
[SourceQuality "1"]

1. e4 c5 2. Nf3 e6 3. Nc3 a6 4. g3 Nc6 5. Bg2 Qc7 6. 0-0 d6 7. d4 cxd4 8. Nxd4 Bd7 9. Nb3 Nf6 10. a4 Be7 11. f4 h5 12. Qe2 Ng4 13. Bf3 Bf6 14. Rd1 Qb6+ 15. Kg2 Nd4 16. Nxd4 Bxd4 17. h3 Nf6 18. e5 dxe5 19. fxe5 Bxc3 20. bxc3 Nd5 21. Ra3 Rc8 22. c4 Ne7 23. Rb3 Qc5 24. Ba3 Qxc4 25. Qxc4 Rxc4 26. Rxb7 Nd5 27. Bxd5 exd5 28. Rxd5 Bc6 29. Rb8# 1-0

[Event "Sao Martinho do Porto op 1st"]
[Site "Sao Martinho do Porto"]
[Date "2018.09.21"]
[Round "9"]
[White "Coimbra, Joao Marcial Ferrei"]
[Black "Fernandes, Martim"]
[Result "1-0"]
[WhiteElo "1429"]
[BlackElo "1092"]
[PlyCount "97"]
[EventDate "2018.09.15"]
[EventType "swiss"]
[EventRounds "9"]
[EventCountry "POR"]
[SourceTitle "CBM 186 Extra"]
[Source "ChessBase"]
[SourceDate "2018.08.24"]
[SourceVersion "1"]
[SourceVersionDate "2018.08.24"]
[SourceQuality "1"]

1. e3 c5 2. d3 d5 3. c3 Nf6 4. Nd2 Bf5 5. Ndf3 Nc6 6. h3 e6 7. Be2 Bd6 8. Qb3 b6 9. Qa4 Rc8 10. d4 c4 11. Nd2 0-0 12. Ngf3 Bb8 13. Nf1 Qc7 14. Bd2 Ne4 15. Qd1 Nxd2 16. Qxd2 e5 17. Bd1 exd4 18. Nxd4 Nxd4 19. Qxd4 Qc5 20. Qxc5 Rxc5 21. a4 a6 22. Nd2 b5 23. axb5 axb5 24. Nf3 Rc6 25. Nd4 Rf6 26. Bf3 Be4 27. Ra5 Be5 28. Rxb5 Bxd4 29. cxd4 Bxf3 30. gxf3 Rxf3 31. Rxd5 g6 32. Ke2 Rf6 33. Rc5 Rb8 34. Rb1 Rfb6 35. Rxc4 Rxb2+ 36. Rxb2 Rxb2+ 37. Kf3 Rb5 38. Rc5 Rxc5 39. dxc5 Kf8 40. Ke4 Ke7 41. f4 Kd7 42. Kd5 Kc7 43. e4 h5 44. h4 Kd7 45. c6+ Kd8 46. Kd6 Ke8 47. c7 Kf8 48. c8Q+ Kg7 49. Ke7 1-0

[Event "Sao Martinho do Porto op 1st"]
[Site "Sao Martinho do Porto"]
[Date "2018.09.18"]
[Round "6"]
[White "Nielsen, Jorgen Kamp"]
[Black "Fernandes, Martim"]
[Result "1-0"]
[WhiteElo "1670"]
[BlackElo "1092"]
[PlyCount "43"]
[EventDate "2018.09.15"]
[EventType "swiss"]
[EventRounds "9"]
[EventCountry "POR"]
[SourceTitle "CBM 186 Extra"]
[Source "ChessBase"]
[SourceDate "2018.08.24"]
[SourceVersion "1"]
[SourceVersionDate "2018.08.24"]
[SourceQuality "1"]

1. e4 c5 2. Nf3 e6 3. d4 cxd4 4. Nxd4 Nf6 5. Nc3 Bb4 6. Bd3 0-0 7. Bd2 a6 8. Qe2 b5 9. Nf3 d6 10. g4 Kh8 11. g5 Nfd7 12. 0-0-0 Bb7 13. Rhg1 Nc5 14. Rg4 Nxd3+ 15. Qxd3 Bc5 16. Rh4 Bxf2 17. Rxh7+ Kxh7 18. g6+ fxg6 19. Ng5+ Kg8 20. Qh3 Qxg5 21. Qxe6+ Kh8 22. Bxg5 1-0

[Event "Sao Martinho do Porto op 1st"]
[Site "Sao Martinho do Porto"]
[Date "2018.09.17"]
[Round "5"]
[White "Ferreira, Cristina"]
[Black "Fernandes, Martim"]
[Result "0-1"]
[WhiteElo "1134"]
[BlackElo "1092"]
[PlyCount "98"]
[EventDate "2018.09.15"]
[EventType "swiss"]
[EventRounds "9"]
[EventCountry "POR"]
[SourceTitle "CBM 186 Extra"]
[Source "ChessBase"]
[SourceDate "2018.08.24"]
[SourceVersion "1"]
[SourceVersionDate "2018.08.24"]
[SourceQuality "1"]

1. d4 Nf6 2. Nc3 d6 3. Nf3 g6 4. e4 Bg4 5. Be2 c6 6. 0-0 d5 7. e5 Nfd7 8. Bf4 Bg7 9. Qd2 0-0 10. h3 Bxf3 11. Bxf3 Nb6 12. b3 e6 13. Bg5 Qc7 14. Rae1 N8d7 15. Nd1 c5 16. c3 cxd4 17. cxd4 Rac8 18. Be2 Qc2 19. Qe3 a5 20. Bd3 Qxa2 21. Bb5 Qc2 22. Re2 Qc7 23. Qd3 h6 24. Bh4 g5 25. Bg3 Na8 26. f4 gxf4 27. Bxf4 f5 28. Qe3 Kh7 29. Qf3 Qd8 30. Qh5 Nc7 31. Rf3 Nxb5 32. Be3 Qe8 33. Qh4 h5 34. Rg3 Rh8 35. Rg5 Kg8 36. Rf2 Kf8 37. Rgxf5+ exf5 38. Rxf5+ Kg8 39. Bh6 Rxh6 40. Ne3 Rc1+ 41. Kh2 Rc3 42. Nxd5 Rxb3 43. Nf6+ Nxf6 44. exf6 Bxf6 45. Qg5+ Bxg5 46. Rxg5+ Kh7 47. Rd5 Qb8+ 48. g3 Qxg3+ 49. Kh1 Rb1# 0-1